<?xml version="1.0" encoding="UTF-8"?>
<collection xmlns="http://www.loc.gov/MARC21/slim">
  <record>
    <leader>00000nam  2200000   4500</leader>
    <controlfield tag="001">INLIS000000000018612</controlfield>
    <controlfield tag="005">20241129015103</controlfield>
    <datafield tag="035" ind1="#" ind2="#">
      <subfield code="a">0010-1124000278</subfield>
    </datafield>
    <controlfield tag="007">ta</controlfield>
    <controlfield tag="008">241129###########################0######</controlfield>
    <datafield tag="245" ind1="#" ind2="#">
      <subfield code="a">PASTI KUAT :</subfield>
      <subfield code="b">Pengelolaan Sampah di Area Kampus Fakultas Teknik Prodi Teknik Lingkungan Universitas Tadulako /</subfield>
      <subfield code="c">Anita Pratiwi, S.T., M.T</subfield>
    </datafield>
    <datafield tag="260" ind1="#" ind2="#">
      <subfield code="a">Makassar :</subfield>
      <subfield code="b">Puslatbang KMP RI LAN Makassar,</subfield>
      <subfield code="c">2024</subfield>
    </datafield>
    <datafield tag="300" ind1="#" ind2="#">
      <subfield code="a">38 ;</subfield>
      <subfield code="c">30</subfield>
    </datafield>
    <datafield tag="650" ind1="#" ind2="4">
      <subfield code="a">Pengelolaan Sampah di Area Kampus Fakultas Teknik Prodi Teknik Lingkungan Universitas Tadulako</subfield>
    </datafield>
    <datafield tag="700" ind1=" " ind2="#">
      <subfield code="a">Dr. Ir. Setiyawan, S.T., M.T (Mentor)</subfield>
    </datafield>
    <datafield tag="700" ind1=" " ind2="#">
      <subfield code="a">Wahyuni Fajaruddin, S.H., M.H. (Coach)</subfield>
    </datafield>
    <datafield tag="520" ind1="#" ind2="#">
      <subfield code="a">Belum efektifnya pengelolaan sampah di fakultas teknik prodi teknik lingkungan universitas tadulako merupakan isu utama yang diangkat pada laporan aktualisasi pelatihan Dasar CPNS ini dengan gagasan kreatif "PASTI KUAT (Pengelolaan Sampah di Fakultas Teknik Prodi Teknik Lingkungan Universitas Tadulako). Dalam kegiatan Aktualisasi ini terdapat 4 kegiatan yang dilakukan yakni video edukasi terkait pengelolaan sampah, edukasi terkait pengelolaan sampah, hari bersih kampus dan kolaborasi bersama bank sampah. Dalam proses aktualisasi berbagai nilai berakhlak ASN diterapkan pada tahap-tahap kegiatan yakni nilai berorientasi pelayanan, adaptif, kompeten, kolaboratif, loyal, akuntabel dan harmonis. Selama proses aktualisasi berlangsung nilai berakhlak tertinggi yakni nilai adaptif sedangkan terendah yakni nilai loyal. Kegiatan aktualisasi ini memiliki manfaat luas bagi diri sendiri, organisasi maupun orang lain/masyarakat. Dampak yang dirasakan setelah penerapan nilai Dasar PNS yaitu membantu meningkatkan kualitas diri, baik dari segi integritas, kompetensi, maupun hubungan sosial. Dalam proses aktualisasi beberapa kendala yang ditemukan yakni sulitnya menyatukan jadwal antara mahasiswa dan pelaksanaan aktualisasi begitu pula dengan pihak-pihak yang akan berkolaborasi/ bekerja sama dalam beberapa kegiatan aktualisasi. Untuk mengantasipasi kendala yang ada dilakukan diskusi bersama mahasiswa dan pihak-pihak terlibat terkait jadwal yang kosong dan mengambil waktu direntang siang sampai sore hari sehingga jadwal kegiatan dan pembelajaran tidak begitu padat. Rencana tindak lanjut yang dilakukan pad kegiatan aktualisasi ini yakni pengadaan lokasi, sarana dan prasarana, sosialisasi keanggotaan bank sampah, pelatihan dan edukasi.</subfield>
    </datafield>
    <datafield tag="856" ind1="#" ind2="#">
      <subfield code="a">PUSLATBANG KMP LAN RI Makassar</subfield>
    </datafield>
  </record>
</collection>
